La metáfora de las tic como herramientas educativas.

Gardado en:
Detalles Bibliográficos
Autor Principal: Hernández Zamora, Gregorio (autor)
Formato: Libro
Idioma:Lingua castelá
Temas:
Acceso en liña:Ver documento en línea
Etiquetas: Engadir etiqueta
Sen Etiquetas, Sexa o primeiro en etiquetar este rexistro!

MARC

LEADER 00000nam^a2200000^u^4500
001 000534226
005 20260417000000.0
008 160614s10001000^^^^cr^^r^^^^^000^0^spa^d
009 20260417195104.387
022 |a 01853872 
035 |a FCE 000078474 
037 |a Acervo ITESO - Biblioteca 
041 |a spa 
095 |a DIDAC  |b 66/2015 
100 |a Hernández Zamora, Gregorio  |e (autor) 
245 1 4 |a La metáfora de las tic como herramientas educativas. 
264 |a México :  |b Universidad Iberoamericana,  |c 2015. 
300 |a pp. 31-38 
336 |a texto  |b txt  |2 rdacontenido 
337 |a sin mediación  |b n  |2 rdamedio 
338 |a volumen  |b nc  |2 rdasoporte 
649 |a XX 
650 |a Herramientas digitales 
650 |a Herramientas educativas. 
650 |a Mediación simbólica 
650 |a Diseño didáctico 
740 |g no. 66, jul.-dic. 2015, pp. 31-38  |t Didac, 
856 4 0 |u https://revistas.ibero.mx/didac/uploads/volumenes/20/pdf/Didac_66.pdf  |y Ver documento en línea 
910 |a Fondo Centro de Estudios Educativos 
920 |a Impresos - Libros 
930 |a Fondos Especiales 
905 |a 133 
902 |a https://opac.biblio.iteso.mx/vufind/Record/000534226